000
00293nam a2200109Ia 4500
008
220204s9999 xx 000 0 und d
082
_a
577.1
_b
ANN.60
245
0
_a
Annual review of biochemistry. V 60. 1991
260
_a
California
_b
Annual Reviews
_c
1991
650
_a
Biochemistry
942
_c
BK
999
_c
44977
_d
44977